<?xml version="1.0" encoding="UTF-8"?><?xml-stylesheet type="text/xsl" href="static/style.xsl"?><OAI-PMH xmlns="http://www.openarchives.org/OAI/2.0/" xmlns:xsi="http://www.w3.org/2001/XMLSchema-instance" xsi:schemaLocation="http://www.openarchives.org/OAI/2.0/ http://www.openarchives.org/OAI/2.0/OAI-PMH.xsd"><responseDate>2026-04-27T22:05:46Z</responseDate><request verb="GetRecord" identifier="oai:uvadoc.uva.es:10324/79146" metadataPrefix="marc">https://uvadoc.uva.es/oai/request</request><GetRecord><record><header><identifier>oai:uvadoc.uva.es:10324/79146</identifier><datestamp>2025-10-30T20:01:14Z</datestamp><setSpec>com_10324_1191</setSpec><setSpec>com_10324_931</setSpec><setSpec>com_10324_894</setSpec><setSpec>col_10324_1379</setSpec></header><metadata><record xmlns="http://www.loc.gov/MARC21/slim" xmlns:doc="http://www.lyncode.com/xoai" xmlns:xsi="http://www.w3.org/2001/XMLSchema-instance" xmlns:dcterms="http://purl.org/dc/terms/" xsi:schemaLocation="http://www.loc.gov/MARC21/slim http://www.loc.gov/standards/marcxml/schema/MARC21slim.xsd">
<leader>00925njm 22002777a 4500</leader>
<datafield tag="042" ind1=" " ind2=" ">
<subfield code="a">dc</subfield>
</datafield>
<datafield tag="720" ind1=" " ind2=" ">
<subfield code="a">Villacorta Aylagas, Pablo</subfield>
<subfield code="e">author</subfield>
</datafield>
<datafield tag="720" ind1=" " ind2=" ">
<subfield code="a">Rodríguez-Cayetano, Manuel</subfield>
<subfield code="e">author</subfield>
</datafield>
<datafield tag="720" ind1=" " ind2=" ">
<subfield code="a">Castillo-Passi, Carlos</subfield>
<subfield code="e">author</subfield>
</datafield>
<datafield tag="720" ind1=" " ind2=" ">
<subfield code="a">Irarrázaval-Mena, Pablo</subfield>
<subfield code="e">author</subfield>
</datafield>
<datafield tag="720" ind1=" " ind2=" ">
<subfield code="a">Simmross-Wattenberg, Federico</subfield>
<subfield code="e">author</subfield>
</datafield>
<datafield tag="720" ind1=" " ind2=" ">
<subfield code="a">Alberola-López, Carlos</subfield>
<subfield code="e">author</subfield>
</datafield>
<datafield tag="260" ind1=" " ind2=" ">
<subfield code="c">2025</subfield>
</datafield>
<datafield tag="520" ind1=" " ind2=" ">
<subfield code="a">We present MRSeqStudio, a new all-in-one web-based tool for MRI sequence development&#xd;
and simulation, with the physics-based simulator KomaMRI running at the back-end and our own sequence designer at the front-end. It combines accessibility,  interactivity and technical flexibility, within an environment suitable for both education and research. Our tool provides MR sequence design and simulation as a service, with no local installation needed by the user; alternatively, the code is publicly available on GitHub, for users who wish to deploy the application on their own server.</subfield>
</datafield>
<datafield tag="024" ind2=" " ind1="8">
<subfield code="a">Journal of Medical Systems (Under review)</subfield>
</datafield>
<datafield tag="024" ind2=" " ind1="8">
<subfield code="a">https://uvadoc.uva.es/handle/10324/79146</subfield>
</datafield>
<datafield tag="245" ind1="0" ind2="0">
<subfield code="a">MRI Sequence Design and Simulation as a Service in a Free and Open-Source Web Platform</subfield>
</datafield>
</record></metadata></record></GetRecord></OAI-PMH>